Online katalóg knižníc regiónu Turca

Posledná nevera (Record no. 22350)

MARC details
000 -LEADER
fixed length control field 01628cam a2200445 a 4500
001 - CONTROL NUMBER
control field 22350
003 - CONTROL NUMBER IDENTIFIER
control field VRT
005 - DATE AND TIME OF LATEST TRANSACTION
control field 20260326145346.0
008 - FIXED-LENGTH DATA ELEMENTS--GENERAL INFORMATION
fixed length control field 240314s2012 xo 000 j slo
015 ## - NATIONAL BIBLIOGRAPHY NUMBER
National bibliography number SNBA2012/10-05220
020 ## - INTERNATIONAL STANDARD BOOK NUMBER
International Standard Book Number 9788055130484
Qualifying information (viaz.)
035 ## - SYSTEM CONTROL NUMBER
System control number 8002D112-EBD6-41E1-A959-F840C4EBFC75
035 ## - SYSTEM CONTROL NUMBER
System control number urn:nbn:sk:snk-amjkvh
035 ## - SYSTEM CONTROL NUMBER
System control number urn:nbn:sk:snk-am0016wa
039 #9 - LEVEL OF BIBLIOGRAPHIC CONTROL AND CODING DETAIL [OBSOLETE]
Level of rules in bibliographic description 202403141415
Level of effort used to assign nonsubject heading access points VLOAD
Level of effort used to assign subject headings 202108110710
Level of effort used to assign classification AUTHORITY
Level of effort used to assign subject headings 202108110702
Level of effort used to assign classification AUTHORITY
Level of effort used to assign subject headings 201508271434
Level of effort used to assign classification VLOAD
040 ## - CATALOGING SOURCE
Original cataloging agency TTKJF
Language of cataloging slo
Transcribing agency TTKJF
Modifying agency SVKBB
-- SNK
Description conventions AACR2
041 0# - LANGUAGE CODE
Language code of text/sound track or separate title slo
044 ## - COUNTRY OF PUBLISHING/PRODUCING ENTITY CODE
MARC country code xo
ISO country code SK
072 #7 - SUBJECT CATEGORY CODE
Subject category code 821.162.4-3
Subject category code subdivision Slovenská próza
Source konspekt
080 ## - UNIVERSAL DECIMAL CLASSIFICATION NUMBER
Universal Decimal Classification number 821.162.4-32
Edition identifier 2001
080 ## - UNIVERSAL DECIMAL CLASSIFICATION NUMBER
Universal Decimal Classification number (0:82-32)
Edition identifier 2001
100 1# - MAIN ENTRY--PERSONAL NAME
Personal name Banáš, Jozef,
Dates associated with a name 1948-
Relationship aut
245 10 - TITLE STATEMENT
Title Posledná nevera
Remainder of title (poviedky pre milujúcich)
Statement of responsibility, etc. Jozef Banáš
250 ## - EDITION STATEMENT
Edition statement 1. vyd.
260 ## - PUBLICATION, DISTRIBUTION, ETC.
Place of publication, distribution, etc. Bratislava
Name of publisher, distributor, etc. Ikar
Date of publication, distribution, etc. 2012
300 ## - PHYSICAL DESCRIPTION
Extent 199 s.
Dimensions 20 cm
655 #7 - INDEX TERM--GENRE/FORM
Genre/form data or focus term slovenské poviedky
Source of term SNKPH
655 #7 - INDEX TERM--GENRE/FORM
Genre/form data or focus term Slovak stories
Source of term SNKPHeng
942 ## - ADDED ENTRY ELEMENTS (KOHA)
Source of classification or shelving scheme Dewey Decimal Classification
Koha item type Krásna literatúra pre dospelých
Suppress in OPAC No
949 ## - LOCAL PROCESSING INFORMATION (OCLC)
6 270001000438245
a svkbbA 135273-a
b svkbbm 740850
p Obsahuje autogram autora
949 ## - LOCAL PROCESSING INFORMATION (OCLC)
6 270001000400193
a svkbbA 135273
b svkbbm 728439
949 ## - LOCAL PROCESSING INFORMATION (OCLC)
6 2889315257
a savukM 114190
b savuk2012/2919
949 ## - LOCAL PROCESSING INFORMATION (OCLC)
6 3869A17391
a bpksh821.162.4-31
b bpksh61671
949 ## - LOCAL PROCESSING INFORMATION (OCLC)
6 17A1031323
a snkSD 81216
b snk2012/14083
o 1512/12
949 ## - LOCAL PROCESSING INFORMATION (OCLC)
6 17A1032250
a snkSD 81216 D1
b snk2012/15143
o 1512/12
949 ## - LOCAL PROCESSING INFORMATION (OCLC)
6 4710710448
a strmkB
b strmk2018/10448
949 ## - LOCAL PROCESSING INFORMATION (OCLC)
6 273K0606185
a svkpoA 231162
b svkpo602551
980 ## - EQUIVALENCE OR CROSS-REFERENCE-SERIES STATEMENT--PERSONAL NAME/TITLE [LOCAL, CANADA]
Personal name 821.162.4-32
Holdings
Stav vyradenia Strata Poškodenie Spôsob nadobudnutia Domovská knižnica Aktuálna knižnica Dátum nadobudnutia Total checkouts Čiarový kód exemplára Date last seen Typ exemplára
      Dar Obecná knižnica Horná Štubňa Obecná knižnica Horná Štubňa 26.03.2026   9788055130484 26.03.2026 Krásna literatúra pre dospelých
Projekt je podporený Slovenskou asociáciou knižníc
Prevádzkuje Turčianska knižnica Martin 2026